<?xml version="1.0" encoding="UTF-8"?>
<collection xmlns="http://www.loc.gov/MARC21/slim">
 <record>
  <leader>06176cam a2200913   4500</leader>
  <controlfield tag="001">771459521</controlfield>
  <controlfield tag="003">DE-627</controlfield>
  <controlfield tag="005">20220716124706.0</controlfield>
  <controlfield tag="007">tu</controlfield>
  <controlfield tag="008">131113s2014    xxu|||||      00| ||eng c</controlfield>
  <datafield tag="010" ind1=" " ind2=" ">
   <subfield code="a">  2013042758</subfield>
  </datafield>
  <datafield tag="020" ind1=" " ind2=" ">
   <subfield code="a">9780300197891</subfield>
   <subfield code="c">hardback</subfield>
   <subfield code="9">978-0-300-19789-1</subfield>
  </datafield>
  <datafield tag="024" ind1="3" ind2=" ">
   <subfield code="a">9780300197891</subfield>
  </datafield>
  <datafield tag="035" ind1=" " ind2=" ">
   <subfield code="a">(DE-627)771459521</subfield>
  </datafield>
  <datafield tag="035" ind1=" " ind2=" ">
   <subfield code="a">(DE-576)405223242</subfield>
  </datafield>
  <datafield tag="035" ind1=" " ind2=" ">
   <subfield code="a">(DE-599)GBV771459521</subfield>
  </datafield>
  <datafield tag="035" ind1=" " ind2=" ">
   <subfield code="a">(OCoLC)880950131</subfield>
  </datafield>
  <datafield tag="035" ind1=" " ind2=" ">
   <subfield code="a">(OCoLC)880950131</subfield>
  </datafield>
  <datafield tag="040" ind1=" " ind2=" ">
   <subfield code="a">DE-627</subfield>
   <subfield code="b">ger</subfield>
   <subfield code="c">DE-627</subfield>
   <subfield code="e">rakwb</subfield>
  </datafield>
  <datafield tag="041" ind1=" " ind2=" ">
   <subfield code="a">eng</subfield>
  </datafield>
  <datafield tag="044" ind1=" " ind2=" ">
   <subfield code="c">XD-US</subfield>
   <subfield code="c">XA-GB</subfield>
  </datafield>
  <datafield tag="050" ind1=" " ind2="0">
   <subfield code="a">NB623.C2</subfield>
  </datafield>
  <datafield tag="082" ind1="0" ind2=" ">
   <subfield code="a">730.92/2</subfield>
   <subfield code="q">LOC</subfield>
   <subfield code="2">23</subfield>
  </datafield>
  <datafield tag="082" ind1="0" ind2="4">
   <subfield code="a">ART015090</subfield>
   <subfield code="a">ART026000</subfield>
   <subfield code="a">ART015030</subfield>
   <subfield code="q">bisacsh</subfield>
  </datafield>
  <datafield tag="084" ind1=" " ind2=" ">
   <subfield code="a">9,10</subfield>
   <subfield code="2">ssgn</subfield>
  </datafield>
  <datafield tag="084" ind1=" " ind2=" ">
   <subfield code="a">LH 69100</subfield>
   <subfield code="q">BVB</subfield>
   <subfield code="2">rvk</subfield>
   <subfield code="0">(DE-625)rvk/94733:</subfield>
  </datafield>
  <datafield tag="084" ind1=" " ind2=" ">
   <subfield code="a">LI 88560</subfield>
   <subfield code="q">BVB</subfield>
   <subfield code="2">rvk</subfield>
   <subfield code="0">(DE-625)rvk/97259:</subfield>
  </datafield>
  <datafield tag="084" ind1=" " ind2=" ">
   <subfield code="a">LH 69000</subfield>
   <subfield code="q">OBV</subfield>
   <subfield code="2">rvk</subfield>
   <subfield code="0">(DE-625)rvk/94729:</subfield>
  </datafield>
  <datafield tag="084" ind1=" " ind2=" ">
   <subfield code="a">LI 21400</subfield>
   <subfield code="2">rvk</subfield>
   <subfield code="0">(DE-625)rvk/95721:</subfield>
  </datafield>
  <datafield tag="084" ind1=" " ind2=" ">
   <subfield code="a">21.52</subfield>
   <subfield code="2">bkl</subfield>
  </datafield>
  <datafield tag="084" ind1=" " ind2=" ">
   <subfield code="a">20.31</subfield>
   <subfield code="2">bkl</subfield>
  </datafield>
  <datafield tag="084" ind1=" " ind2=" ">
   <subfield code="a">20.06</subfield>
   <subfield code="2">bkl</subfield>
  </datafield>
  <datafield tag="084" ind1=" " ind2=" ">
   <subfield code="a">20.07</subfield>
   <subfield code="2">bkl</subfield>
  </datafield>
  <datafield tag="100" ind1="1" ind2=" ">
   <subfield code="a">Bindman, David</subfield>
   <subfield code="d">1940-</subfield>
   <subfield code="0">(DE-588)132015137</subfield>
   <subfield code="0">(DE-627)516840932</subfield>
   <subfield code="0">(DE-576)160299020</subfield>
   <subfield code="4">aut</subfield>
  </datafield>
  <datafield tag="245" ind1="1" ind2="0">
   <subfield code="a">Warm flesh, cold marble</subfield>
   <subfield code="b">Canova, Thorvaldsen, and their critics</subfield>
   <subfield code="c">David Bindman</subfield>
  </datafield>
  <datafield tag="264" ind1=" " ind2="1">
   <subfield code="a">New Haven, Conn. [u.a.]</subfield>
   <subfield code="b">Yale Univ. Press</subfield>
   <subfield code="c">2014</subfield>
  </datafield>
  <datafield tag="300" ind1=" " ind2=" ">
   <subfield code="a">VIII, 219 S.</subfield>
   <subfield code="b">zahlr. Ill.</subfield>
  </datafield>
  <datafield tag="336" ind1=" " ind2=" ">
   <subfield code="a">Text</subfield>
   <subfield code="b">txt</subfield>
   <subfield code="2">rdacontent</subfield>
  </datafield>
  <datafield tag="337" ind1=" " ind2=" ">
   <subfield code="a">ohne Hilfsmittel zu benutzen</subfield>
   <subfield code="b">n</subfield>
   <subfield code="2">rdamedia</subfield>
  </datafield>
  <datafield tag="338" ind1=" " ind2=" ">
   <subfield code="a">Band</subfield>
   <subfield code="b">nc</subfield>
   <subfield code="2">rdacarrier</subfield>
  </datafield>
  <datafield tag="500" ind1=" " ind2=" ">
   <subfield code="a">Includes bibliographical references and index</subfield>
  </datafield>
  <datafield tag="505" ind1="8" ind2="0">
   <subfield code="a">Competing MasculinitiesMale and Female Together -- The Female Figure: Sensuality, Procreation and the Life Force -- The Colour of Sculpture: Ancient and Modern -- Back to Kant -- The Philosophic Critics.</subfield>
  </datafield>
  <datafield tag="520" ind1=" " ind2=" ">
   <subfield code="a">&quot;This brilliant book focuses on the aesthetic concerns of the two most important sculptors of the early 19th century, the great Italian sculptor Antonio Canova (1757-1822) and his illustrious Danish rival Bertel Thorvaldsen (1770-1844). Rather than comparing their artistic output, the distinguished art historian David Bindman addresses the possible impact of Kantian aesthetics on their work. Both artists had elevated reputations, and their sculptures attracted interest from philosophically minded critics. Despite the sculptors' own apparent disdain for theory, Bindman argues that they were in dialogue with and greatly influenced by philosophical and critical debates, and made many decisions in creating their sculptures specifically in response to those debates. Warm Flesh, Cold Marble considers such intriguing topics as the aesthetic autonomy of works of art, the gender of the subject, the efficacy of marble as an imitative medium, the question of color and texture in relation to ideas and practices of antiquity, and the relationship between the whiteness of marble and ideas of race. &quot;--</subfield>
  </datafield>
  <datafield tag="600" ind1="1" ind2="0">
   <subfield code="a">Canova, Antonio</subfield>
   <subfield code="d">1757-1822</subfield>
   <subfield code="x">Aesthetics</subfield>
  </datafield>
  <datafield tag="600" ind1="1" ind2="0">
   <subfield code="a">Thorvaldsen, Bertel</subfield>
   <subfield code="d">1770-1844</subfield>
   <subfield code="x">Aesthetics</subfield>
  </datafield>
  <datafield tag="600" ind1="1" ind2="0">
   <subfield code="a">Kant, Immanuel</subfield>
   <subfield code="d">1724-1804</subfield>
   <subfield code="x">Aesthetics</subfield>
  </datafield>
  <datafield tag="650" ind1=" " ind2="0">
   <subfield code="a">Art criticism</subfield>
   <subfield code="z">Europe</subfield>
   <subfield code="x">History</subfield>
  </datafield>
  <datafield tag="689" ind1="0" ind2="0">
   <subfield code="d">p</subfield>
   <subfield code="0">(DE-588)118518860</subfield>
   <subfield code="0">(DE-627)133373479</subfield>
   <subfield code="0">(DE-576)160519780</subfield>
   <subfield code="a">Canova, Antonio</subfield>
   <subfield code="d">1757-1822</subfield>
   <subfield code="2">gnd</subfield>
  </datafield>
  <datafield tag="689" ind1="0" ind2="1">
   <subfield code="d">p</subfield>
   <subfield code="0">(DE-588)118622323</subfield>
   <subfield code="0">(DE-627)139820795</subfield>
   <subfield code="0">(DE-576)165283408</subfield>
   <subfield code="a">Thorvaldsen, Bertel</subfield>
   <subfield code="d">1770-1844</subfield>
   <subfield code="2">gnd</subfield>
  </datafield>
  <datafield tag="689" ind1="0" ind2="2">
   <subfield code="d">s</subfield>
   <subfield code="0">(DE-588)4125822-8</subfield>
   <subfield code="0">(DE-627)105737178</subfield>
   <subfield code="0">(DE-576)20957982X</subfield>
   <subfield code="a">Marmorplastik</subfield>
   <subfield code="2">gnd</subfield>
  </datafield>
  <datafield tag="689" ind1="0" ind2="3">
   <subfield code="d">s</subfield>
   <subfield code="0">(DE-588)4033659-1</subfield>
   <subfield code="0">(DE-627)106256351</subfield>
   <subfield code="0">(DE-576)209003014</subfield>
   <subfield code="a">Kunstkritik</subfield>
   <subfield code="2">gnd</subfield>
  </datafield>
  <datafield tag="689" ind1="0" ind2=" ">
   <subfield code="5">(DE-627)</subfield>
  </datafield>
  <datafield tag="689" ind1="1" ind2="0">
   <subfield code="d">p</subfield>
   <subfield code="0">(DE-588)118559796</subfield>
   <subfield code="0">(DE-627)133368785</subfield>
   <subfield code="0">(DE-576)208982949</subfield>
   <subfield code="a">Kant, Immanuel</subfield>
   <subfield code="d">1724-1804</subfield>
   <subfield code="2">gnd</subfield>
  </datafield>
  <datafield tag="689" ind1="1" ind2="1">
   <subfield code="d">s</subfield>
   <subfield code="0">(DE-588)4000626-8</subfield>
   <subfield code="0">(DE-627)106400541</subfield>
   <subfield code="0">(DE-576)208838821</subfield>
   <subfield code="a">Ästhetik</subfield>
   <subfield code="2">gnd</subfield>
  </datafield>
  <datafield tag="689" ind1="1" ind2=" ">
   <subfield code="5">(DE-627)</subfield>
  </datafield>
  <datafield tag="700" ind1="1" ind2=" ">
   <subfield code="a">Canova, Antonio</subfield>
   <subfield code="d">1757-1822</subfield>
   <subfield code="e">Ill.</subfield>
   <subfield code="0">(DE-588)118518860</subfield>
   <subfield code="0">(DE-627)133373479</subfield>
   <subfield code="0">(DE-576)160519780</subfield>
   <subfield code="4">ill</subfield>
  </datafield>
  <datafield tag="700" ind1="1" ind2=" ">
   <subfield code="a">Thorvaldsen, Bertel</subfield>
   <subfield code="d">1770-1844</subfield>
   <subfield code="e">Ill.</subfield>
   <subfield code="0">(DE-588)118622323</subfield>
   <subfield code="0">(DE-627)139820795</subfield>
   <subfield code="0">(DE-576)165283408</subfield>
   <subfield code="4">ill</subfield>
  </datafield>
  <datafield tag="787" ind1="0" ind2="8">
   <subfield code="i">Rezensiert in</subfield>
   <subfield code="a">Johnson, Dorothy, 1950 - </subfield>
   <subfield code="t">[Rezension von: David Bindman, Warm flesh, cold marble. Canova, Thorvaldsen and their critics]</subfield>
   <subfield code="d">2015</subfield>
   <subfield code="w">(DE-627)1796217069</subfield>
  </datafield>
  <datafield tag="856" ind1="4" ind2="2">
   <subfield code="u">https://swbplus.bsz-bw.de/bsz405223242inh.htm</subfield>
   <subfield code="m">B:DE-576;DE-16</subfield>
   <subfield code="q">application/pdf</subfield>
   <subfield code="v">20140625094346</subfield>
   <subfield code="x">Verlag</subfield>
   <subfield code="3">Inhaltsverzeichnis</subfield>
  </datafield>
  <datafield tag="856" ind1="4" ind2="2">
   <subfield code="u">https://swbplus.bsz-bw.de/bsz405223242rez.htm</subfield>
   <subfield code="m">B:DE-576;DE-16</subfield>
   <subfield code="q">application/pdf</subfield>
   <subfield code="v">20150921161015</subfield>
   <subfield code="x">Verlag</subfield>
   <subfield code="3">Rezension</subfield>
  </datafield>
  <datafield tag="856" ind1="4" ind2="2">
   <subfield code="u">http://www.sehepunkte.de/2015/09/25239.html</subfield>
   <subfield code="m">V:DE-576;X:Sehepunkte</subfield>
   <subfield code="q">text/html</subfield>
   <subfield code="v">20180417100657</subfield>
   <subfield code="3">Rezension</subfield>
  </datafield>
  <datafield tag="935" ind1=" " ind2=" ">
   <subfield code="i">Blocktest</subfield>
  </datafield>
  <datafield tag="936" ind1="r" ind2="v">
   <subfield code="a">LH 69100</subfield>
   <subfield code="b">Theorie und Ästhetik, Geschichte der Skulpturtheorie, soziologische Probleme, Beziehungen zu anderen Gebieten</subfield>
   <subfield code="k">Allgemeines. Allgemeine Kunstgeschichte</subfield>
   <subfield code="k">Kunstgeschichte einzelner Gattungen der Kunst</subfield>
   <subfield code="k">Skulptur (Plastik)</subfield>
   <subfield code="k">Theorie und Ästhetik, Geschichte der Skulpturtheorie, soziologische Probleme, Beziehungen zu anderen Gebieten</subfield>
   <subfield code="0">(DE-627)1270715690</subfield>
   <subfield code="0">(DE-625)rvk/94733:</subfield>
   <subfield code="0">(DE-576)200715690</subfield>
  </datafield>
  <datafield tag="936" ind1="r" ind2="v">
   <subfield code="a">LI 88560</subfield>
   <subfield code="b">Thorvaldsen, Bertel</subfield>
   <subfield code="k">Künstler-Monografien</subfield>
   <subfield code="k">Alphabetische Künstlerliste</subfield>
   <subfield code="k">Künstler T</subfield>
   <subfield code="k">Thorvaldsen, Bertel</subfield>
   <subfield code="0">(DE-627)1271141426</subfield>
   <subfield code="0">(DE-625)rvk/97259:</subfield>
   <subfield code="0">(DE-576)201141426</subfield>
  </datafield>
  <datafield tag="936" ind1="r" ind2="v">
   <subfield code="a">LH 69000</subfield>
   <subfield code="b">Allgemeine geschichtliche Darstellungen</subfield>
   <subfield code="k">Allgemeines. Allgemeine Kunstgeschichte</subfield>
   <subfield code="k">Kunstgeschichte einzelner Gattungen der Kunst</subfield>
   <subfield code="k">Skulptur (Plastik)</subfield>
   <subfield code="k">Allgemeine geschichtliche Darstellungen</subfield>
   <subfield code="0">(DE-627)127063769X</subfield>
   <subfield code="0">(DE-625)rvk/94729:</subfield>
   <subfield code="0">(DE-576)20063769X</subfield>
  </datafield>
  <datafield tag="936" ind1="r" ind2="v">
   <subfield code="a">LI 21400</subfield>
   <subfield code="b">Canova, Antonio</subfield>
   <subfield code="k">Künstler-Monografien</subfield>
   <subfield code="k">Alphabetische Künstlerliste</subfield>
   <subfield code="k">Künstler C</subfield>
   <subfield code="k">Canova, Antonio</subfield>
   <subfield code="0">(DE-627)1271129167</subfield>
   <subfield code="0">(DE-625)rvk/95721:</subfield>
   <subfield code="0">(DE-576)201129167</subfield>
  </datafield>
  <datafield tag="936" ind1="b" ind2="k">
   <subfield code="a">21.52</subfield>
   <subfield code="j">Geschichte der Bildhauerei</subfield>
   <subfield code="0">(DE-627)106405829</subfield>
  </datafield>
  <datafield tag="936" ind1="b" ind2="k">
   <subfield code="a">20.31</subfield>
   <subfield code="j">Bildende Künstler</subfield>
   <subfield code="0">(DE-627)181571080</subfield>
  </datafield>
  <datafield tag="936" ind1="b" ind2="k">
   <subfield code="a">20.06</subfield>
   <subfield code="j">Kunstphilosophie</subfield>
   <subfield code="j">Kunsttheorie</subfield>
   <subfield code="0">(DE-627)10641433X</subfield>
  </datafield>
  <datafield tag="936" ind1="b" ind2="k">
   <subfield code="a">20.07</subfield>
   <subfield code="j">Kunstkritik</subfield>
   <subfield code="j">Kunstinterpretation</subfield>
   <subfield code="0">(DE-627)106406280</subfield>
  </datafield>
  <datafield tag="951" ind1=" " ind2=" ">
   <subfield code="a">BO</subfield>
  </datafield>
  <datafield tag="990" ind1=" " ind2=" ">
   <subfield code="a">Canova, Antonio</subfield>
  </datafield>
  <datafield tag="990" ind1=" " ind2=" ">
   <subfield code="a">Thorvaldsen, Bertel</subfield>
  </datafield>
  <datafield tag="990" ind1=" " ind2=" ">
   <subfield code="a">Marmorplastik</subfield>
  </datafield>
  <datafield tag="990" ind1=" " ind2=" ">
   <subfield code="a">Kunstkritik</subfield>
  </datafield>
  <datafield tag="990" ind1=" " ind2=" ">
   <subfield code="a">Kant, Immanuel</subfield>
  </datafield>
  <datafield tag="990" ind1=" " ind2=" ">
   <subfield code="a">Ästhetik</subfield>
  </datafield>
  <datafield tag="991" ind1=" " ind2=" ">
   <subfield code="a">Rezensiertes Werk</subfield>
  </datafield>
  <datafield tag="999" ind1=" " ind2=" ">
   <subfield code="a">KXP-PPN771459521</subfield>
   <subfield code="e">4182943260</subfield>
  </datafield>
 </record>
</collection>
